Written and spoken Persian/ (Record no. 18371)

MARC details
000 -LEADER
fixed length control field 00766cam a22002531 4500
001 - CONTROL NUMBER
control field 8791137
003 - CONTROL NUMBER IDENTIFIER
control field BDDh-ASL
005 - DATE AND TIME OF LATEST TRANSACTION
control field 20231015025714.0
008 - FIXED-LENGTH DATA ELEMENTS--GENERAL INFORMATION
fixed length control field 760112s1941 enkah 000 0 eng
010 ## - LIBRARY OF CONGRESS CONTROL NUMBER
LC control number 42015086
035 ## - SYSTEM CONTROL NUMBER
System control number (OCoLC)1921034
040 ## - CATALOGING SOURCE
Original cataloging agency DLC
Transcribing agency TxU
Modifying agency BDDh-ASL
042 ## - AUTHENTICATION CODE
Authentication code premarc
050 00 - LIBRARY OF CONGRESS CALL NUMBER
Classification number PK6235
Item number .H3
082 ## - DEWEY DECIMAL CLASSIFICATION NUMBER
Classification number 491.55
Item number HAW
100 1# - MAIN ENTRY--PERSONAL NAME
Personal name Hawker, Cecil Loraine.
245 10 - TITLE STATEMENT
Title Written and spoken Persian/
Statement of responsibility, etc. by Mrs. C. L. Hawker.
260 ## - PUBLICATION, DISTRIBUTION, ETC.
Place of publication, distribution, etc. London:
-- New York [etc.] :
Name of publisher, distributor, etc. Longman's, Green,
Date of publication, distribution, etc. 1941.
300 ## - PHYSICAL DESCRIPTION
Extent vii, 196 p. :
Other physical details 4 facsim. on 2 l., fold tab. ;
Dimensions 19 cm.
500 ## - GENERAL NOTE
General note "First published in 1941."
650 #0 - SUBJECT ADDED ENTRY--TOPICAL TERM
Topical term or geographic name entry element Persian language
General subdivision Grammar.
906 ## - LOCAL DATA ELEMENT F, LDF (RLIN)
a 7
b cbc
c oclcrpl
d u
e ncip
f 19
g y-gencatlg
942 ## - ADDED ENTRY ELEMENTS (KOHA)
Source of classification or shelving scheme Dewey Decimal Classification
Koha item type Books
Holdings
Withdrawn status Lost status Source of classification or shelving scheme Damaged status Not for loan Collection code Home library Current library Shelving location Date acquired Source of acquisition Total Checkouts Full call number Barcode Date last seen Copy number Price effective from Koha item type
    Dewey Decimal Classification   Not For Loan Non-fiction Asiatic Society Library Asiatic Society Library Harrison Collection 09/28/2020 Donated by Prof. John B. Harrison   491.55 HAW 101555 09/28/2020 1 09/28/2020 Books

Powered by Koha